00386nam a2200157Ia 4500008004100000020002200041041000800063082001500071100001500086245002500101250001100126260004200137300001000179500001800189650002100207260520s2024 xx 000 0 und d a978-93-6386-163-3 aeng a006.31/BAK aBaker, Pam aChat GPT for dummies a1st ed aNEW DELHIbWiley India pvt Litdc2024 a159p. aCat No: 14991 aCOMPUTER SICENCE